Produkční systémy a konkurenční výhoda
Zásady konkurenčnej stratégia a v rámci nej vektory strategického smeru, produktivita a hodnotová výhoda. Konkurenčná výhoda. Dva vektory strategických smerov: 1. Výhoda produktivity (productivity advantage), 2. Hodnotová výhoda (value advantage). Získavanie konkurenčnej výhody pomocou logistiky. P...
Gespeichert in:
| 1. Verfasser: | |
|---|---|
| Format: | Buchkapitel |
| Sprache: | Tschechisch |
| Schlagworte: | |
| Tags: |
Keine Tags, Fügen Sie das erste Tag hinzu!
|
MARC
| LEADER | 00000naa$a2200000$$$4500 | ||
|---|---|---|---|
| 001 | 0045578 | ||
| 005 | 20231013084307.2 | ||
| 041 | 0 | |a cze | |
| 044 | |a SK | ||
| 245 | 1 | 0 | |a Produkční systémy a konkurenční výhoda |c Marie Jurová |
| 520 | |a Zásady konkurenčnej stratégia a v rámci nej vektory strategického smeru, produktivita a hodnotová výhoda. Konkurenčná výhoda. Dva vektory strategických smerov: 1. Výhoda produktivity (productivity advantage), 2. Hodnotová výhoda (value advantage). Získavanie konkurenčnej výhody pomocou logistiky. Poslanie logistického manažmentu. Dodávateľský reťazec a konkurenčná výkonnosť. | ||
| 610 | 2 | 0 | |a výhody konkurenčné |
| 610 | 2 | 0 | |a stratégia podnikateľská |
| 610 | 2 | 0 | |a produktivita |
| 610 | 2 | 0 | |a hodnota |
| 610 | 2 | 0 | |a logistika |
| 610 | 2 | 0 | |a manažment logistický |
| 610 | 2 | 0 | |a dodávatelia |
| 610 | 2 | 0 | |a reťazce dodávateľsko-odberateľské |
| 610 | 2 | 0 | |a vzťahy dodávateľsko-odberateľské |
| 100 | 1 | |a Jurová, Marie | |